000 00233 a2200097 4500
000 nam a22 7a 4500
005 20260129170908.0
100 _aEagleman, David
_91112843
245 _aThe Brain: The Story of You
942 _cTEXL
999 _c1678389
_d1678389